Choroby včiel prevencia, diagnostika a liečenie

Bibliographic Details
Main Author: Pohl, Friedrich, 1963- (Author)
Other Authors: Fekete, Ivan (Translator)
Format: Book
Language:Slovak
German
PhysicalDescription:238 strán ilustrácie, fotografie 24 cm
Published: Bratislava Ikar, a.s. - Príroda 2025
ISBN:9788057500452
Edition:Druhé vydanie
Subjects:

MARC

LEADER 00000cam a2200000 4500
001 vtls012276139
003 SK-MaSNL
005 20260301232149.0
008 251103s2025 xo oa grn 001 0 slo
015 |a SNBA2025/06 
020 |a 9788057500452  |q (viazané) 
040 |a SNK  |b slo  |c SNK  |e rda 
041 1 |a slo  |h ger 
044 |a xo  |c SK 
072 7 |a 638  |x Včelárstvo  |2 konspekt 
080 |a 595.799  |2 2011 
080 |a 638.1  |2 2011 
080 |a 591.2  |2 2011 
080 |a (048.8)  |2 2011 
100 1 |a Pohl, Friedrich,  |d 1963-  |4 aut  |9 312783 
240 1 0 |a Handbuch Bienenkrankheiten vorgeugen, erkennen, behandeln  |l Slovensky 
245 1 0 |a Choroby včiel  |b prevencia, diagnostika a liečenie  |c Friedrich Pohl ; z nemeckého originálu Handbuch Bienenkrankheiten vorgeugen, erkennen, behandeln preložil Ivan Fekete 
246 3 0 |a Prevencia, diagnostika a liečenie 
250 |a Druhé vydanie 
264 1 |a Bratislava  |b Ikar, a.s. - Príroda  |c 2025 
300 |a 238 strán  |b ilustrácie, fotografie  |c 24 cm 
336 |a text  |b txt  |2 rdacontent 
336 |a statický obraz  |b sti  |2 rdacontent 
337 |a bez média  |b n  |2 rdamedia 
338 |a zväzok  |b nc  |2 rdacarrier 
500 |a Obsahuje biografické údaje o autorovi 
504 |a Obsahuje bibliografiu a register 
650 0 7 |a včely  |2 SNKPH  |9 16765 
650 0 7 |a Bees  |2 SNKPHeng  |9 312784 
650 0 7 |a včelárstvo  |2 SNKPH  |9 3997 
650 0 7 |a Apiculture  |2 SNKPHeng  |9 265327 
650 0 7 |a choroby živočíchov  |2 SNKPH  |9 75549 
650 0 7 |a Animals diseases  |2 SNKPHeng  |9 306678 
655 7 |a monografie  |2 SNKPH  |9 70139 
655 7 |a Monographs  |2 SNKPHeng  |9 120675 
700 1 |a Fekete, Ivan  |4 trl  |9 210658 
852 |a Slovenská národná knižnica 
919 |a 978-80-575-0045-2 
954 |a odborná, vedecká literatúra cudzojazyčná (svetová)  |2 lita 
958 |a NB 
958 |a OP 
968 |b DT 
999 |c 960646  |d 962576 
952 |a SNK  |b SNK  |c SNK_KF  |y PREZ  |7 6  |p 17A1567250  |o snkSC 210433  |i snk2025/8054  |8 0  |0 0  |1 0  |4 0  |d 2025-05-20  |l 0  |r 2026-02-24 10:17:44  |w 2026-02-24 
952 |a SNK  |b SNK  |y VYP  |7 0  |p 17A1567249  |o snkSC 210433 D1  |i snk2025/8055  |8 0  |0 0  |1 0  |4 0  |d 2025-05-20  |l 0  |r 2026-02-24 10:17:44  |w 2026-02-24